Produkty s podielom na zisku životnej poisťovne diplomová práca

Na minha lista:
Detalhes bibliográficos
Autor principal: Konrádová, Adriána
Autor Corporativo: Fakulta hospodárskej informatiky EU. Katedra matematiky a aktuárstva
Outros Autores: Sakálová, Katarína, 1955-
Formato: Livro
Idioma:eslovaco
Publicado em: Bratislava 2018
Tags: Adicionar Tag
Sem tags, seja o primeiro a adicionar uma tag!

MARC

LEADER 00000nbm a2200000 4500
001 0243537
005 20180925080947.9
041 0 |a slo 
044 |a SK 
245 1 0 |a Produkty s podielom na zisku životnej poisťovne  |b diplomová práca  |c Adriána Konrádová ; školiteľ: Katarína Sakálová 
264 1 |a Bratislava  |c 2018 
300 |a 62 s. 
100 1 |a Konrádová, Adriána 
700 1 |a Sakálová, Katarína, 1955- 
710 2 |a Fakulta hospodárskej informatiky EU. Katedra matematiky a aktuárstva